|
|
|
|
| LEADER |
00000nam0a2200000 4500 |
| 001 |
265538 |
| 005 |
20231101233929.0 |
| 035 |
|
|
|a (RuTPU)RU\TPU\book\288539
|
| 090 |
|
|
|a 265538
|
| 100 |
|
|
|a 20140626d1986 m y0rusy50 ca
|
| 101 |
0 |
|
|a rus
|
| 102 |
|
|
|a RU
|
| 105 |
|
|
|a a j 001zy
|
| 200 |
1 |
|
|a Метрология, стандартизация и измерения в технике связи
|e учебное пособие для вузов
|f под ред. Б. П. Хромого
|
| 210 |
|
|
|a Москва
|c Радио и связь
|d 1986
|
| 215 |
|
|
|a 424 с.
|c ил.
|
| 320 |
|
|
|a Библиогр.: с. 417
|
| 320 |
|
|
|a Предметный указатель: с. 417-420
|
| 606 |
1 |
|
|a Метрология
|2 stltpush
|3 (RuTPU)RU\TPU\subj\43497
|9 62988
|
| 610 |
1 |
|
|a стандартизация
|
| 610 |
1 |
|
|a измерения
|
| 610 |
1 |
|
|a связь
|
| 610 |
1 |
|
|a радиотехника
|
| 610 |
1 |
|
|a учебные пособия
|
| 610 |
1 |
|
|a погрешности
|
| 610 |
1 |
|
|a измерительные сигналы
|
| 610 |
1 |
|
|a генераторы
|
| 610 |
1 |
|
|a электросвязь
|
| 675 |
|
|
|a 621:53.08(075.8)
|v 3
|
| 675 |
|
|
|a 006(075.8)
|v 3
|
| 702 |
|
1 |
|a Хромой
|b Б. П.
|4 340
|
| 801 |
|
1 |
|a RU
|b 63413507
|c 20140626
|
| 801 |
|
2 |
|a RU
|b 63413507
|c 20170213
|g RCR
|
| 942 |
|
|
|c BK
|